Directors Whose Names Start with A - Statistics

General Stats
  • This quiz has been taken 47 times
  • The average score is 10 of 21
Answer Stats
Film Country Answer % Correct
Annie Hall USA Woody Allen
100%
Requiem for a dream USA Darren Aronofsky
85%
The Grand Budapest Hotel USA Wes Anderson
79%
Blowup Italy Michelangelo Antonioni
77%
MASH USA Robert Altman
74%
Magnolia USA Paul Thomas Anderson
69%
Super 8 USA JJ Abrams
59%
High Heels Spain Pedro Almodóvar
56%
Suspiria Italy Dario Argento
51%
The 40-Year-Old Virgin USA Judd Apatow
46%
The Others Spain Alejandro Amenábar
33%
Resident Evil USA Paul W.S. Anderson
33%
The Hills Have Eyes France Alexandre Aja
28%
The Name of the Rose France Jean-Jacques Annaud
26%
Ulysses' Gaze Greece Theo Angelopoulos
26%
Dheepan France Jacques Audiard
23%
What Ever Happened to Baby Jane? USA Robert Aldrich
23%
The Decline of the American Empire Canada Denys Arcand
21%
Head-On Germany/Turkey Fatih Akin
21%
A Girl Walks Home Alone at Night USA/Iran Ana Lily Amirpour
10%
Paradise Now Palestine Hany Abu-Assad
10%
No matching quizzes found
Score Distribution
Percent of People with Each Score
Percentile by Number Answered
Your Score History
You have not taken this quiz